[Event "Havana Giraldilla op"]
[White "Nunez Gonzalez, Alejandro"]
[Black "Owen Gomez, Darry"]
[Site "Havana"]
[Round "7"]
[Result "1-0"]
[Date "2024.08.15"]
[WhiteElo "1611"]
[BlackElo "1531"]
[PlyCount "53"]
[EventDate "2024.08.12"]
[EventType "swiss"]
[EventRounds "9"]
[EventCountry "CUB"]
[SourceTitle "CBM 221 Extra"]
[Source "ChessBase"]
[SourceDate "2024.09.30"]
[SourceVersion "1"]
[SourceVersionDate "2024.09.30"]
[SourceQuality "1"]

1. e4 e5 2. Nf3 Nc6 3. Bc4 Bc5 4. c3 Qe7 5. 0-0 d6 6. d4 Bb6 7. Ng5 Nh6 8. Nf3 Bg4 9. Bxh6 gxh6 10. d5 Na5 11. Be2 c5 12. b4 Bxf3 13. Bxf3 Nc4 14. bxc5 Rg8 15. cxb6 axb6 16. Qb3 Nd2 17. Nxd2 Qg5 18. Nc4 Qf4 19. Nxd6+ Ke7 20. Nf5+ Kd7 21. Qb5+ Kc7 22. d6+ Kb8 23. Ne7 Ka7 24. Rab1 Kb8 25. Nc6+ Kc8 26. Qxb6 Kd7 27. Qxb7+ 1-0

[Event "Havana Giraldilla op"]
[White "Basulto Casanova, Laura"]
[Black "Owen Gomez, Darry"]
[Site "Havana"]
[Round "3"]
[Result "1-0"]
[Date "2024.08.13"]
[WhiteElo "1425"]
[BlackElo "1531"]
[PlyCount "75"]
[EventDate "2024.08.12"]
[EventType "swiss"]
[EventRounds "9"]
[EventCountry "CUB"]
[SourceTitle "CBM 221 Extra"]
[Source "ChessBase"]
[SourceDate "2024.09.30"]
[SourceVersion "1"]
[SourceVersionDate "2024.09.30"]
[SourceQuality "1"]

1. e4 e5 2. Nf3 Nc6 3. Bc4 Bc5 4. b4 Bxb4 5. c3 Be7 6. d4 d6 7. d5 Na5 8. Qa4+ Nc6 9. dxc6 bxc6 10. 0-0 Bd7 11. Qc2 Nf6 12. Be3 d5 13. Bd3 Be6 14. Nxe5 Qd6 15. f4 g5 16. Nxf7 Bxf7 17. e5 Qe6 18. Bf5 Bg6 19. Bxe6 Bxc2 20. exf6 Bxf6 21. fxg5 Bg7 22. Rf7 Be5 23. Nd2 Bxc3 24. Rc1 Bg6 25. Rxc7 d4 26. Bf4 Rf8 27. Rf1 Bd3 28. Rf3 Kd8 29. Rd7+ Ke8 30. Rxd3 Rxf4 31. Nc4 Bb4 32. Rxh7 Rb8 33. g6 Bf8 34. Rd1 d3 35. g7 Bxg7 36. Rxg7 Rf8 37. Nd6+ Kd8 38. Rd7# 1-0

[Event "Havana Giraldilla op"]
[White "Maranon Hernandez, Ricardo David"]
[Black "Owen Gomez, Darry"]
[Site "Havana"]
[Round "4"]
[Result "0-1"]
[Date "2024.08.13"]
[WhiteElo "1438"]
[BlackElo "1531"]
[PlyCount "79"]
[EventDate "2024.08.12"]
[EventType "swiss"]
[EventRounds "9"]
[EventCountry "CUB"]
[SourceTitle "CBM 221 Extra"]
[Source "ChessBase"]
[SourceDate "2024.09.30"]
[SourceVersion "1"]
[SourceVersionDate "2024.09.30"]
[SourceQuality "1"]

1. e4 e5 2. Nf3 Nc6 3. d4 exd4 4. Bc4 Bc5 5. c3 Qf6 6. Bg5 Qg6 7. 0-0 h6 8. Bh4 Nge7 9. Bxe7 Bxe7 10. Re1 0-0 11. cxd4 d6 12. Nc3 Bg4 13. Re3 Rae8 14. Kh1 Bg5 15. Rd3 Bf4 16. h3 Qh5 17. Kg1 Bd7 18. Nd2 Qg6 19. Qf3 Bg5 20. Re1 Be6 21. d5 Ne5 22. Qg3 Nxd3 23. Qxd3 Bxd2 24. Qxd2 Bxh3 25. g3 Qg4 26. Kh2 Qh5 27. Bb5 c6 28. dxc6 bxc6 29. Be2 Bg4+ 30. Kg2 Qh3+ 31. Kg1 Re5 32. Bxg4 Qxg4 33. Kg2 Rh5 34. Rh1 Rxh1 35. Kxh1 d5 36. exd5 cxd5 37. Qxd5 Re8 38. Qd2 a5 39. Qd5 Qh3+ 40. Kg1 0-1